000 00741nam a2200241 4500
003 OSt
005 20240611084424.0
006 a
008 240611b |||||||| |||| 00| 0 eng d
020 _a9789814410014
040 _aDWCL-Main lib.
_cOC
082 _2Seventh edition
_aCirc. 005.756 P913c 2012
100 _aAdamski, Joseph J.
245 _aConcepts of database management /
250 _aSeventh edition
260 _aSingapore :
_bCengage Learning Asia,
_cc2012.
300 _ax,
_b415 p. : ill. ;
_c25 cm.
504 _aPhilippine edition. Includes glossary.
650 _a1. Database management.
650 _a2. Relational databases.
700 _aJoseph J. Adamski
942 _2ddc
_n0
_cBK-CIRC
_eSeventh edition
_kCirc.
999 _c570
_d570